(G)I-DLE In Every MV - Statistics

General Stats
  • This quiz has been taken 90 times
  • The average score is 12 of 15
Answer Stats
Picture Answer % Correct
Super Lady
94%
Queencard
93%
Tomboy
93%
Klaxon
91%
Latata
91%
Nxde
91%
Hwaa
90%
Lion
84%
Senorita
84%
Oh My God
78%
I Want That
63%
DUMDi DUMDi
62%
Revenge
60%
Hann
57%
Last Dance
34%
No matching quizzes found
Score Distribution
Percent of People with Each Score
Percentile by Number Answered
Your Score History
You have not taken this quiz